000 00195 a2200097 4500
020 _a9780439853156
041 _aspa
100 _aOsti Roberto
245 _aPorque aullan los lobos
942 _cBK
999 _c16394
_d16394